[Event "Défi( 10J+24H/c 10J Max )"]
[Site "www.echecsemail.com"]
[Date "2026.01.16"]
[Round "1"]
[White "Katastrofic"]
[Black "Titit1"]
[WhiteElo "1420"]
[BlackElo "1440"]
[Result "0-1"]
1.e4 Ng8f6
2.d3 e5
3.h3 Bf8c5
4.Ng1f3 O-O
5.a3 Nb8c6
6.b4 Bc5e7
7.Bc1d2 d5
8.Bd2g5 h6
9.Bg5xf6 Be7xf6
10.Bf1e2 d4
11.c3 Rf8e8
12.cxd4 Nc6xd4
13.Nf3xd4 Qd8xd4
14.Nb1d2 Bc8e6
15.O-O Re8c8
16.Nd2b3 Qd4d8
17.Nb3c5 Qd8d6
18.Nc5xe6 Qd6xe6
19.Be2g4 Qe6b6
20.Bg4xc8 Ra8xc8
21.Ra1b1 Rc8d8
22.Kh1 Rd8d6
23.f4 Qb6d4
24.Rb1b3 Bf6h4
25.Qd1g4 Bh4f2
26.Qg4f3 Bf2e3
27.f5 Be3f4
28.g3 Bf4g5
29.h4 Bg5f6
30.Rf1c1 c6
31.Rc1c4 Qd4a1
32.Kh2 Qa1a2
{ abandon }0-1

[Event "Défi( 10J+24H/c 10J Max )"]
[Site "www.echecsemail.com"]
[Date "2026.01.16"]
[Round "1"]
[White "Titit1"]
[Black "Mokanne"]
[WhiteElo "1440"]
[BlackElo "1430"]
[Result "1-0"]
1.d4 d5
2.Ng1f3 h6
3.Bc1f4 f6
4.Nb1c3 a6
5.e3 e6
6.Bf1d3 f5
7.O-O b5
8.Rf1e1 Bc8b7
9.Nf3e5 Nb8d7
10.Qd1h5 Ke7
11.Ne5g6 Kf7
12.Ng6xh8 Ke7
13.Qh5f7 1-0

[Event "Défi"]
[Site "www.echecsemail.com"]
[Date "2026.01.16"]
[Round "1"]
[White "Mokanne"]
[Black "Katastrofic"]
[WhiteElo "1460"]
[BlackElo "1430"]
[Result "0-1"]
1.e4 e5
2.Bf1c4 d6
3.h3 Bf8e7
4.Ng1f3 Ng8f6
5.Nf3g5 O-O
6.Ng5xf7 Rf8xf7
7.Bc4xf7 Kxf7
8.d3 c5
9.c4 a6
10.Qd1f3 Nb8d7
11.Bc1g5 h6
12.Nb1c3 hxg5
13.g4 b6
14.Kd2 b5
15.Nc3d5 Bc8b7
16.Nd5xe7 Qd8xe7
17.b3 bxc4
18.h4 gxh4
19.Rh1xh4 cxd3
20.g5 Bb7xe4
21.Rh4xe4 d5
22.Re4h4 e4
23.gxf6 Nd7xf6
24.Qf3g2 c4
25.Kc3 Ra8d8
26.Ra1e1 a5
27.Re1g1 Qe7b4
28.Kb2 c3
29.Ka1 Rd8g8
30.Rh4h6 c2
31.Rh6h1 Qb4c3
0-1

[Event "Eq:Pirates du Mat-LES CHATTERBOX :"]
[Site "www.echecsemail.com"]
[Date "2026.01.16"]
[Round "1"]
[White "Janolapin"]
[Black "Breton"]
[WhiteElo "1690"]
[BlackElo "1980"]
[Result "1-0"]
1.e4 e5
2.Ng1f3 Nb8c6
3.Bf1e2 Ng8f6
4.d3 Bf8c5
5.O-O O-O
6.c3 d5
7.exd5 Nf6xd5
8.Nb1d2 b6
9.Nd2e4 Nd5f4
10.Bc1xf4 exf4
11.Ne4xc5 bxc5
12.Qd1c2 a5
13.Rf1e1 Bc8f5
14.Ra1d1 c4
15.Qc2d2 cxd3
16.Be2xd3 Bf5xd3
17.Qd2xd3 Qd8xd3
18.Rd1xd3 h6
19.Re1d1 a4
20.Rd3d7 Ra8a7
21.Kf1 f6
22.Nf3d4 Nc6e5
23.Nd4e6 Rf8c8
24.Rd7d4 g5
25.Ne6c5 Ra7a5
26.Nc5xa4 c5
27.Rd4d8 Rc8xd8
28.Rd1xd8 Kf7
29.b3 c4
30.Rd8d2 h5
31.Na4b6 cxb3
32.axb3 Ra5b5
33.Nb6c8 Rb5xb3
34.Nc8d6 Ke6
35.Nd6e4 Rb3b1
36.Ke2 Ne5c4
37.Ne4c5 Ke5
38.Rd2d4 Rb1b2
39.Ke1 Nc4b6
40.Nc5d3 Kf5
41.Nd3xb2 { abandon }1-0

[Event "Memorial Lara CIII"]
[Site "www.echecsemail.com"]
[Date "2026.01.16"]
[Round "1"]
[White "Karkaskat"]
[Black "Bertelsen"]
[WhiteElo "2100"]
[BlackElo "1730"]
[Result "1-0"]
1.e4 e5
2.Ng1f3 Nb8c6
3.Bf1c4 h6
4.c3 Ng8f6
5.d3 Bf8e7
6.O-O d6
7.h3 Bc8d7
8.Nb1d2 Nc6a5
9.Bc4b3 Na5xb3
10.Qd1xb3 b6
11.d4 Qd8b8
12.dxe5 Bd7e6
13.Qb3b5 Nf6d7
14.Nd2b3 a6
15.Qb5d3 Be6xb3
16.axb3 b5
17.exd6 Be7xd6
18.Rf1e1 Bd6c5
19.Bc1e3 Qb8b6
20.Qd3d5 c6
21.Qd5f5 Bc5xe3
22.Re1xe3 Qb6c7
23.e5 O-O
24.e6 fxe6
25.Qf5xe6 Kh8
26.Nf3h4 Rf8f6
27.Qe6g4 Nd7f8
28.Ra1e1 Qc7f4
29.Qg4xf4 Rf6xf4
30.g3 Rf4f6
31.Re3e8 Ra8xe8
32.Re1xe8 Kh7
33.Kg2 a5
34.Nh4f3 Kg8
35.Nf3e5 c5
36.Re8c8 c4
37.bxc4 b4
38.cxb4 axb4
39.Ne5d7 Rf6f7
40.Rc8xf8 Rf7xf8
41.Nd7xf8 Kxf8
42.Kf3 b3
43.Ke4 Ke7
44.Ke5 Kd7
45.Kd5 Kc7
46.f4 Kb6
47.c5 Kc7
48.f5 Kd7
49.c6 Kc7
50.g4 { abandon }1-0

[Event "Tournoi n27391"]
[Site "www.echecsemail.com"]
[Date "2026.01.16"]
[Round "1"]
[White "Tiounet"]
[Black "Hermite"]
[WhiteElo "1610"]
[BlackElo "1530"]
[Result "0-1"]
1.a3 d5
2.b4 Ng8f6
3.Bc1b2 e6
4.g3 c5
5.bxc5 Bf8xc5
6.e3 Nb8d7
7.Bf1g2 b6
8.Ng1e2 O-O
9.O-O Bc8b7
10.d3 Ra8b8
11.Nb1d2 e5
12.c4 d4
13.Bg2xb7 Rb8xb7
14.exd4 exd4
15.Ne2xd4 Nd7e5
16.Nd4b3 Ne5xd3
17.Bb2c3 Bc5d6
18.Qd1f3 Rb7d7
19.Nb3d4 Nd3e5
20.Qf3e2 Qd8a8
21.Nd4b5 Rf8e8
22.Nb5xd6 Rd7xd6
23.Rf1e1 Ne5d3
24.Qe2f3 Nd3xe1
25.Qf3xa8 Re8xa8
26.Ra1xe1 h6
27.Re1e2 Ra8e8
28.Re2xe8 Nf6xe8
29.Nd2e4 Rd6d1
30.Kg2 Ne8c7
31.a4 a6
32.Bc3e5 Rd1e1
33.f3 Re1a1
34.Be5xc7 Ra1xa4
35.Bc7xb6 Ra4a2
36.Kh3 a5
37.c5 f5
38.Ne4d6 Ra2c2
39.Nd6b7 a4
40.Nb7d6 a3
41.Nd6b5 a2
{ abandon }0-1

[Event "Eq:modesty-Les Gens du Sud :"]
[Site "www.echecsemail.com"]
[Date "2026.01.16"]
[Round "1"]
[White "Jetjet91330"]
[Black "Sorim"]
[WhiteElo "2090"]
[BlackElo "2000"]
[Result "1-0"]
1.d4 d5
2.Ng1f3 e6
3.c4 c5
4.e3 b6
5.cxd5 exd5
6.Nb1c3 a6
7.Bf1e2 c4
8.Nf3e5 b5
9.Nc3xd5 Qd8xd5
10.Be2f3 Bf8b4
11.Bc1d2 Bb4xd2
12.Qd1xd2 Qd5d6
13.Bf3xa8 Nb8d7
14.Ba8c6 Ng8e7
15.Bc6xd7 Bc8xd7
16.Ne5xd7 Qd6xd7
17.Qd2a5 Qd7b7
18.O-O O-O
19.Rf1d1 Ne7c6
20.Qa5c3 Nc6e7
21.f3 Ne7d5
22.Qc3e1 Rf8e8
23.e4 Nd5f4
24.Qe1f1 Nf4d3
25.Rd1xd3 cxd3
26.Qf1xd3 Re8c8
27.d5 f6
28.d6 Rc8d8
29.Ra1d1 Rd8d7
30.Qd3d5 Qb7xd5
31.Rd1xd5 g5
32.g3 Kf7
33.f4 gxf4
34.gxf4 Ke6
35.f5 Kf7
36.Kf2 Ke8
37.Ke3 Kd8
38.Kd4 Rd7b7
39.Rd5c5 h5
40.Kd5 Rb7g7
41.Ke6 Rg7g4
42.e5 fxe5
43.Rc5xe5 Rg4g2
44.f6 Rg2xh2
45.f7 Rh2f2
46.Re5xh5 Rf2xf7
47.Rh5h8 Rf7f8
48.Rh8xf8 1-0

[Event "Tournoi n27372"]
[Site "www.echecsemail.com"]
[Date "2026.01.16"]
[Round "1"]
[White "Zadkine1"]
[Black "Verson"]
[WhiteElo "1780"]
[BlackElo "1800"]
[Result "0-1"]
1.e4 e6
2.d4 d5
3.exd5 exd5
4.Bf1e2 Ng8f6
5.Ng1f3 Bf8e7
6.O-O O-O
7.c4 c6
8.Nb1d2 Bc8f5
9.Nf3e5 Nb8d7
10.Ne5xd7 Bf5xd7
11.Be2d3 Qd8c7
12.Rf1e1 Rf8e8
13.Nd2f1 b6
14.Bc1g5 h6
15.Bg5xf6 Be7xf6
16.Re1xe8 Ra8xe8
17.Bd3c2 Bd7e6
18.Ra1c1 Qc7f4
19.g3 Qf4xd4
20.Qd1xd4 Bf6xd4
21.Rc1e1 dxc4
22.Nf1d2 Be6d7
23.Re1d1 Bd7e6
24.b3 cxb3
25.axb3 Be6d5
26.Kf1 c5
27.Bc2d3 Bd4c3
28.Nd2b1 Bc3d4
29.Nb1a3 Bd5xb3
30.Rd1e1 Re8xe1
31.Kxe1 Kf8
32.Na3b5 a6
33.Nb5c7 c4
{ abandon }0-1

[Event "Tournoi n27168"]
[Site "www.echecsemail.com"]
[Date "2026.01.16"]
[Round "1"]
[White "Zanatany"]
[Black "Prize640"]
[WhiteElo "2260"]
[BlackElo "2210"]
[Result "1-0"]
1.e4 c5
2.Nb1c3 e6
3.Ng1e2 Nb8c6
4.d4 cxd4
5.Ne2xd4 Qd8c7
6.Bc1e3 a6
7.Qd1g4 Ng8f6
8.Qg4g3 Qc7xg3
9.hxg3 Bf8b4
10.Nd4xc6 bxc6
11.Be3d4 Ke7
12.a3 Bb4a5
13.Bf1d3 d6
14.e5 dxe5
15.Bd4xe5 Ba5b6
16.Nc3e4 Nf6xe4
17.Bd3xe4 f6
18.Be4xc6 Ra8a7
19.Be5b8 { abandon }1-0

[Event "Transval 2"]
[Site "www.echecsemail.com"]
[Date "2026.01.16"]
[Round "1"]
[White "Abelito"]
[Black "Fouvolant"]
[WhiteElo "1580"]
[BlackElo "1370"]
[Result "0-1"]
1.e4 c5
2.Bf1c4 e6
3.Ng1f3 a6
4.d4 cxd4
5.Nf3xd4 Qd8c7
6.Nb1c3 Qc7xc4
7.Bc1e3 d6
8.Qd1e2 Qc4xe2
9.Nd4xe2 Ng8f6
10.O-O Nb8c6
11.Be3b6 Bf8e7
12.a3 O-O
13.b4 Be7d8
14.Bb6e3 b5
15.a4 Nc6xb4
16.Rf1c1 bxa4
17.Ra1xa4 Nb4c6
18.Ne2d4 Bc8d7
19.Ra4a1 Bd8a5
20.Nc3a4 Nf6xe4
21.Rc1b1 e5
22.Nd4b3 Ba5c7
23.Nb3d2 Ne4xd2
24.Be3xd2 Bd7f5
25.Rb1c1 Nc6d4
26.Na4c3 Rf8c8
27.Kf1 Nd4xc2
28.Nc3d5 Bc7d8
29.Bd2a5 Nc2xa1
30.Ba5xd8 Rc8xc1
31.Ke2 Bf5e4
32.Nd5e7 Kf8
33.f3 Ra8xd8
34.fxe4 Kxe7
{ abandon }0-1

[Event "HAWAII  2"]
[Site "www.echecsemail.com"]
[Date "2026.01.16"]
[Round "1"]
[White "Jyfsk"]
[Black "Brettsinclair"]
[WhiteElo "1830"]
[BlackElo "1890"]
[Result "0-1"]
1.e4 d6
2.d4 g6
3.Ng1f3 Ng8f6
4.Bf1d3 c6
5.O-O b5
6.Bc1e3 Bf8g7
7.c3 Bc8b7
8.Nb1d2 O-O
9.Qd1c2 Nb8d7
10.h3 Qd8c7
11.b3 a6
12.g3 e5
13.dxe5 Nd7xe5
14.Nf3xe5 dxe5
15.f4 exf4
16.Be3xf4 Qc7b6
17.Kg2 Nf6h5
18.Ra1c1 Nh5xf4
19.gxf4 c5
20.Kg3 Ra8d8
21.Rc1d1 Bb7c8
22.Nd2f3 Bg7h6
23.Rf1h1 Qb6c7
24.e5 Bc8b7
25.Rh1f1 f6
26.Bd3xg6 Qc7g7
27.Rd1xd8 Rf8xd8
28.Nf3h4 Bb7c8
29.exf6 Bh6xf4
30.Kxf4 Qg7xf6
31.Nh4f5 hxg6
32.Rf1g1 Bc8xf5
33.Qc2e2 Bf5d3
{ abandon }0-1

[Event "Tournoi n27238"]
[Site "www.echecsemail.com"]
[Date "2026.01.16"]
[Round "1"]
[White "Aramis"]
[Black "Lancien57"]
[WhiteElo "1560"]
[BlackElo "1480"]
[Result "1-0"]
1.e4 e5
2.c3 Ng8f6
3.d3 Nb8c6
4.Bc1e3 d6
5.Ng1f3 Bc8d7
6.h3 Bf8e7
7.Bf1e2 h6
8.O-O O-O
9.Nf3h2 Rf8e8
10.Be2f3 a6
11.Qd1d2 b5
12.a3 a5
13.b3 b4
14.cxb4 axb4
15.a4 Nc6a5
16.Qd2c2 c5
17.Nb1d2 Bd7e6
18.Ra1b1 Na5c6
19.Qc2d1 Nc6d4
20.Be3xd4 cxd4
21.Nh2g4 Nf6xg4
22.Bf3xg4 Be6xg4
23.Qd1xg4 Be7g5
24.Nd2f3 f6
25.h4 Bg5f4
26.g3 Qd8c8
27.Qg4g6 Qc8h3
28.Nf3e1 Bf4d2
29.Ne1f3 Bd2c3
30.Rf1d1 Re8f8
31.Nf3h2 Qh3d7
32.Nh2f3 Qd7f7
33.Qg6g4 Ra8a5
34.Nf3h2 d5
35.f3 dxe4
36.Qg4xe4 f5
37.Qe4e2 Rf8e8
38.Nh2f1 f4
39.g4 Qf7f6
40.Qe2h2 g5
41.h5 Kh7
42.Nf1d2 Qf6a6
43.Nd2e4 Kg7
44.Qh2c2 Re8e7
45.Ne4f2 Qa6b7
46.Nf2e4 Re7e6
47.Ne4xc3 dxc3
48.Rd1f1 Qb7b6
49.Rf1f2 Kf6
50.Rb1e1 Qb6d4
51.Re1e4 Qd4d5
52.Re4xb4 Qd5c5
53.Rb4c4 Qc5e3
54.Rc4xc3 Qe3e1
55.Kg2 Ra5d5
56.Rc3c4 Re6d6
57.Rc4e4 Qe1a5
58.Rf2d2 Ke6
59.Re4c4 Rd5d4
60.Rc4c3 Qa5b6
61.Qc2b1 Rd6c6
62.Rc3xc6 Qb6xc6
63.Rd2c2 Qc6a6
64.Rc2c4 Rd4xc4
65.bxc4 Kd6
66.Qb1b4 Ke6
67.Qb4b5 Qa6d6
68.a5 Qd6xd3
69.Qb5d5 Qd3xd5
70.cxd5 Kxd5
71.a6 Kc6
72.a7 Kb7
73.Kf2 Kxa7
74.Ke2 Kb6
75.Kd3 Kc5
76.Ke4 Kd6
77.Kf5 Kd5
78.Kg6 Kd4
79.Kxh6 Ke3
80.Kxg5 Kxf3
81.h6 e4
82.h7 e3
83.h8Q e2
84.Qh8c3 Kf2
85.Qc3d4 Kf1
86.Qd4d3 f3
87.Qd3xf3 Ke1
88.Kf5 Kd1
89.Qf3xe2 Kxe2
90.g5 Ke3
91.g6 Kd4
92.g7 Kd3
93.g8Q Kd2
94.Qg8d5 Kc3
95.Ke4 Kc2
96.Qd5d3 Kb2
97.Kd4 Kc1
98.Qd3e3 Kb2
99.Qe3c3 Kb1
100.Kc4 Ka2
101.Qc3c2 Ka1
102.Qc2c3 Ka2
103.Qc3b3 Ka1
104.Qb3d3 Ka2
105.Kb4 Ka1
106.Qd3c3 Kb1
107.Qc3d2 Ka1
108.Kc3 Kb1
109.Qd2b2 1-0

[Event "Eq:Avalon-La Diagonale du Fou :"]
[Site "www.echecsemail.com"]
[Date "2026.01.16"]
[Round "1"]
[White "Mick13"]
[Black "Woluwe1975"]
[WhiteElo "1790"]
[BlackElo "1630"]
[Result "1-0"]
1.e4 e6
2.e5 d5
3.d4 c5
4.c3 Nb8c6
5.Ng1f3 cxd4
6.Nf3xd4 Nc6xe5
7.Bf1e2 a6
8.Nb1d2 Ng8f6
9.Nd2f3 Ne5xf3
10.Be2xf3 Bf8e7
11.O-O h6
12.Rf1e1 O-O
13.b4 Bc8d7
14.h3 b5
15.Bc1f4 Ra8c8
16.Qd1d2 Qd8b6
17.Ra1c1 Rc8c4
18.Kh1 Rf8c8
19.Bf4e3 Qb6d8
20.g4 Nf6e4
21.Bf3xe4 dxe4
22.Re1d1 Qd8c7
23.Nd4e2 Bd7c6
24.Rc1c2 Rc8d8
25.Qd2c1 Rd8xd1
26.Qc1xd1 a5
27.a3 a4
28.Ne2d4 Bc6d7
29.Nd4e2 e5
30.Rc2d2 Bd7c6
31.Kg2 g5
32.Qd1c1 Be7d6
33.Ne2g3 Bd6f8
34.Ng3f5 f6
35.Rd2c2 Kh7
36.Qc1h1 Kg6
37.h4 Bc6d7
38.hxg5 Bd7xf5
39.Qh1h5 Kg7
40.gxf6 Kxf6
41.Qh5xf5 Ke7
42.Be3c5 Rc4xc5
43.bxc5 Qc7xc5
44.Qf5xe4 Bf8g7
45.Qe4b4 Kd6
46.Rc2d2 Kc6
47.Qb4e4 Kb6
48.Qe4g6 Ka5
49.Qg6xg7 { abandon }1-0

[Event "Défi"]
[Site "www.echecsemail.com"]
[Date "2026.01.16"]
[Round "1"]
[White "Kinkin"]
[Black "U27940"]
[WhiteElo "1980"]
[BlackElo "2070"]
[Result "0-1"]
1.e4 e6
2.d4 d5
3.Nb1c3 c5
4.exd5 cxd4
5.Bf1b5 Bc8d7
6.Qd1xd4 Bd7xb5
7.Nc3xb5 Qd8a5
8.Nb5c3 Bf8c5
9.Qd4xg7 Qa5b6
10.Ng1h3 Bc5d4
11.Qg7g4 Ng8f6
12.Qg4f3 Nb8d7
13.O-O O-O-O
14.Ra1b1 exd5
15.Nc3xd5 Nf6xd5
16.Qf3xd5 Nd7e5
17.Qd5b3 Qb6g6
18.Bc1f4 Rh8g8
19.Bf4g3 h5
20.Nh3f4 Qg6g5
21.h4 Qg5xg3
22.Qb3xg3 Rg8xg3
23.Kh2 Rg3g4
24.g3 Ne5f3
25.Kh3 Nf3d2
26.Nf4xh5 Rg4g8
27.c3 Bd4b6
28.Nh5f6 Rg8g6
{ abandon }0-1

[Event "Défi"]
[Site "www.echecsemail.com"]
[Date "2026.01.16"]
[Round "1"]
[White "Castor"]
[Black "Tiounet"]
[WhiteElo "1380"]
[BlackElo "1630"]
[Result "0-1"]
1.d4 b5
2.e4 Bc8b7
3.Nb1c3 b4
4.Nc3a4 Bb7xe4
5.f3 Be4c6
6.Na4c5 a5
7.Bf1d3 d6
8.Nc5e4 g6
9.Ne4g5 Bf8g7
10.Ng1e2 Ng8f6
11.Bc1d2 O-O
12.Ne2f4 Nb8d7
13.Qd1e2 Rf8e8
14.O-O-O Nf6d5
15.Qe2f2 Nd5xf4
16.Bd2xf4 Bg7xd4
17.Qf2xd4 e5
18.Qd4c4 d5
19.Qc4xc6 exf4
20.Ng5h3 Nd7e5
21.Qc6b5 c6
22.Qb5c5 Ne5xd3
23.Rd1xd3 Re8e6
24.Nh3xf4 Re6e5
25.a3 Qd8e8
26.Rd3d1 Re5f5
27.g3 g5
28.Nf4xd5 cxd5
29.Rd1xd5 Rf5xd5
30.Qc5xd5 h6
31.g4 bxa3
32.bxa3 a4
33.h4 Ra8d8
34.Qd5a5 Qe8e3
35.Kb1 Rd8b8
36.Ka1 Qe3d4
37.c3 Qd4d2
38.hxg5 Qd2b2
0-1

[Event "Coupe Niveau 4"]
[Site "www.echecsemail.com"]
[Date "2026.01.16"]
[Round "1"]
[White "Tartu"]
[Black "Elghribi"]
[WhiteElo "1740"]
[BlackElo "1930"]
[Result "0-1"]
1.d4 Ng8f6
2.c4 g6
3.Ng1f3 Bf8g7
4.Nb1c3 O-O
5.e4 d6
6.Bc1e3 h6
7.Bf1e2 Nb8c6
8.O-O Nf6d7
9.h3 e5
10.d5 Nc6e7
11.b4 f5
12.Qd1d2 f4
13.Be3xf4 exf4
14.Ra1c1 g5
15.Nf3d4 Nd7e5
16.a4 Ne7g6
17.Be2h5 Kh7
18.Rf1e1 Qd8e7
19.f3 Bc8d7
20.a5 Ne5xc4
21.Qd2a2 Ng6e5
22.Re1d1 Bd7e8
23.Nd4f5 Qe7f6
24.Bh5xe8 Rf8xe8
25.Nc3b5 Qf6f7
26.Rc1xc4 Ne5xc4
27.Qa2xc4 Re8c8
28.Qc4d3 a6
29.Nb5d4 Bg7e5
30.Nd4e6 Rc8g8
31.Qd3c4 Ra8c8
32.Rd1c1 h5
33.Ne6xc7 g4
34.hxg4 hxg4
35.Kf2 g3
36.Ke2 Kg6
37.Nf5h4 Kf6
38.Nh4f5 Qf7d7
39.Rc1h1 Rc8xc7
40.Rh1h6 Kg5
41.Qc4b3 Qd7b5
42.Kd1 Qb5f1
43.Kd2 Qf1xg2
44.Kd1 Be5b2
{ abandon }0-1

[Event "TRISTAN DA CUNHA"]
[Site "www.echecsemail.com"]
[Date "2026.01.16"]
[Round "1"]
[White "Rachess"]
[Black "4x4"]
[WhiteElo "1550"]
[BlackElo "1420"]
[Result "1-0"]
1.e4 e5
2.Ng1f3 Nb8c6
3.Nb1c3 Ng8f6
4.Bf1c4 d6
5.d3 Bc8g4
6.Bc1g5 Bf8e7
7.h3 Bg4xf3
8.Qd1xf3 Nc6d4
9.Qf3d1 c6
10.a3 b5
11.Bc4a2 Qd8d7
12.Nc3e2 Nd4xe2
13.Qd1xe2 O-O-O
14.Ba2xf7 Rh8f8
15.Bf7a2 h6
16.Bg5e3 c5
17.O-O Nf6h7
18.f4 exf4
19.Be3xf4 g5
20.Bf4e3 Be7f6
21.c3 Bf6e5
22.d4 cxd4
23.cxd4 Be5g7
24.Ra1c1 Kb7
25.Ba2d5 Kb8
26.Bd5c6 Qd7e7
27.d5 Rf8xf1
28.Rc1xf1 Bg7e5
29.Qe2xb5 Kc8
30.Qb5a6 Kb8
31.Rf1f3 Qe7c7
32.Be3f2 Nh7f6
33.Rf3b3 Qc7b7
34.Qa6xb7 1-0

[Event "Tournoi n27366"]
[Site "www.echecsemail.com"]
[Date "2026.01.16"]
[Round "1"]
[White "Smaug"]
[Black "Jlr"]
[WhiteElo "1420"]
[BlackElo "1390"]
[Result "0-1"]
1.d4 d5
2.Bc1f4 Nb8c6
3.Ng1f3 f6
4.e3 g5
5.Bf4g3 g4
6.Nf3h4 e5
7.c3 exd4
8.cxd4 Bf8b4
9.Nb1d2 f5
10.Bf1d3 Ng8h6
11.O-O Bc8e6
12.Nd2b3 a6
13.Nb3c5 Bb4xc5
14.dxc5 Qd8e7
15.Qd1c2 Nc6b4
16.Qc2a4 Nb4c6
17.a3 Qe7xc5
18.b4 Qc5e7
19.b5 Kf7
20.bxc6 b5
21.Qa4d4 b4
22.axb4 Rh8b8
23.Ra1xa6 Ra8xa6
24.f3 Ra6xc6
25.fxg4 Rb8xb4
26.Qd4e5 Nh6xg4
27.Qe5f4 Rb4xf4
28.Bg3xf4 Qe7xh4
29.h3 Ng4f6
30.Kh2 Nf6g4
31.Kg1 Rc6c3
32.hxg4 Rc3xd3
33.g5 Kg6
34.g3 Qh4h3
35.Rf1f2 Rd3d1
{ abandon }0-1

[Event "Tournoi n27347"]
[Site "www.echecsemail.com"]
[Date "2026.01.16"]
[Round "1"]
[White "Degun"]
[Black "Jazzzz"]
[WhiteElo "1970"]
[BlackElo "1980"]
[Result "0-1"]
1.e4 g6
2.Ng1f3 Bf8g7
3.d4 d6
4.Bf1c4 a6
5.Nf3g5 e6
6.Qd1f3 Qd8e7
7.O-O Ng8f6
8.e5 Nf6d7
9.exd6 cxd6
10.Nb1c3 Bg7xd4
11.Bc1e3 Bd4g7
12.Ra1e1 O-O
13.Qf3h3 Nd7f6
14.f4 d5
15.Bc4d3 Nb8c6
16.Nc3e2 e5
17.Qh3h4 e4
18.Ne2d4 exd3
19.Nd4xc6 bxc6
20.Be3d4 Qe7b4
21.Bd4xf6 h6
22.Bf6e7 Qb4d4
23.Kh1 hxg5
24.Qh4xg5 d2
25.Re1d1 Rf8e8
26.f5 Bc8xf5
27.Rd1xd2 Qd4g4
28.Qg5xg4 Bf5xg4
29.Be7a3 Ra8b8
30.b3 Re8e2
31.Rd2xe2 Bg4xe2
32.Rf1f2 Rb8e8
33.Ba3c5 Be2d3
34.h3 Re8e1
35.Kh2 Bg7e5
36.g3 Bd3e4
{ abandon }0-1

[Event "Eq:Pirates du Mat-modesty :"]
[Site "www.echecsemail.com"]
[Date "2026.01.16"]
[Round "1"]
[White "Eltche"]
[Black "Zax"]
[WhiteElo "2610"]
[BlackElo "2260"]
[Result "1-0"]
1.d4 c5
2.d5 Ng8f6
3.c4 b5
4.cxb5 a6
5.bxa6 g6
6.Nb1c3 Bc8xa6
7.f4 Bf8g7
8.Ng1f3 Qd8a5
9.Bc1d2 O-O
10.e4 d6
11.Bf1e2 Nb8d7
12.O-O Rf8b8
13.Ra1b1 Nf6e8
14.Kh1 Rb8b7
15.Rf1e1 Ba6xe2
16.Re1xe2 Ne8c7
17.e5 Qa5a6
18.b3 e6
19.dxe6 Nc7xe6
20.Re2e4 dxe5
21.Re4a4 { abandon }1-0

[Event "Transval 2"]
[Site "www.echecsemail.com"]
[Date "2026.01.16"]
[Round "1"]
[White "4x4"]
[Black "Fouvolant"]
[WhiteElo "1460"]
[BlackElo "1370"]
[Result "0-1"]
1.d4 Ng8f6
2.e3 d5
3.Ng1f3 c6
4.Bc1d2 Nb8d7
5.Nb1c3 Qd8c7
6.Bf1d3 e6
7.Qd1e2 c5
8.dxc5 Nd7xc5
9.Nc3b5 Nc5xd3
10.Qe2xd3 Qc7b8
11.O-O-O a6
12.Nb5c3 Bf8d6
13.Nf3d4 O-O
14.f4 b5
15.g3 Bc8d7
16.a3 Qb8b7
17.e4 Nf6xe4
18.Nc3xe4 dxe4
19.Qd3e3 f5
20.b4 Rf8c8
21.Kb2 e5
22.Nd4b3 exf4
23.gxf4 Qb7c7
24.c3 Bd7e6
25.Nb3d4 Be6f7
26.Rd1c1 Qc7c4
27.Kc2 Bd6xf4
28.Qe3xf4 Qc4xd4
29.Kb2 Qd4c4
30.Rh1d1 Qc4a2
0-1

[Event "Tournoi n27097"]
[Site "www.echecsemail.com"]
[Date "2026.01.16"]
[Round "1"]
[White "Capitaine"]
[Black "Zanatany"]
[WhiteElo "2370"]
[BlackElo "2260"]
[Result "1-0"]
1.e4 Ng8f6
2.e5 Nf6d5
3.d4 d6
4.c4 Nd5b6
5.f4 dxe5
6.fxe5 Bc8f5
7.Nb1c3 Nb8c6
8.Ng1f3 Nc6b4
9.Kf2 Nb4c2
10.c5 Nb6d5
11.Nf3h4 Nd5xc3
12.bxc3 Qd8c8
13.e6 Nc2xa1
14.Nh4xf5 Qc8xe6
15.Qd1a4 c6
16.Bf1d3 g6
17.Nf5d6 Kd7
18.Nd6xb7 Qe6f6
19.Ke2 Qf6e6
20.Kf2 Qe6f6
21.Kg3 h5
22.h3 h4
23.Kh2 Qf6f2
24.Rh1d1 Bf8g7
25.Nb7a5 Ra8c8
26.Na5xc6 Rc8xc6
27.Bd3e4 Qf2f6
28.d5 Na1b3
29.dxc6 Ke6
30.Qa4xb3 Ke5
31.Qb3d5 1-0

[Event "Défi( 10J+24H/c 10J Max )"]
[Site "www.echecsemail.com"]
[Date "2026.01.16"]
[Round "1"]
[White "Tunnellavage"]
[Black "Ephixe"]
[WhiteElo "1730"]
[BlackElo "1800"]
[Result "0-1"]
1.e4 e5
2.Ng1f3 Nb8c6
3.Bf1c4 Nc6d4
4.Nb1c3 Nd4xf3
5.Qd1xf3 Qd8f6
6.Qf3e2 d6
7.Nc3d5 Qf6d8
8.d3 c6
9.Nd5c3 Ng8f6
10.h3 g6
11.a3 Bf8g7
12.O-O O-O
13.Kh2 b5
14.Bc4a2 a5
15.f4 exf4
16.Bc1xf4 Bc8e6
17.Qe2f3 Nf6h5
18.Bf4e3 b4
19.Nc3e2 bxa3
20.Ba2xe6 fxe6
21.Qf3g4 Rf8xf1
22.Ra1xf1 axb2
23.Qg4xe6 Kh8
24.c3 a4
25.g4 Nh5f6
26.Be3d4 a3
27.Bd4xf6 Bg7xf6
{ abandon }0-1

[Event "Défi"]
[Site "www.echecsemail.com"]
[Date "2026.01.16"]
[Round "1"]
[White "Pj612"]
[Black "Snarf"]
[WhiteElo "1740"]
[BlackElo "1720"]
[Result "0-1"]
1.e4 e5
2.Ng1f3 Nb8c6
3.a3 a6
4.Nb1c3 Ng8f6
5.Bf1c4 h6
6.O-O d6
7.h3 Bc8e6
8.Nc3d5 Be6xd5
9.Bc4xd5 Nf6xd5
10.exd5 Nc6e7
11.c4 Ne7f5
12.Rf1e1 Bf8e7
13.Re1e4 Qd8d7
14.b3 Be7f6
15.d3 O-O-O
16.a4 g5
17.Kh2 Rd8g8
18.g4 Nf5d4
19.Bc1b2 Nd4xf3
20.Qd1xf3 Rg8g6
21.Ra1g1 Kd8
22.d4 Rh8e8
23.Qf3f5 Qd7xf5
24.gxf5 Rg6g8
25.dxe5 dxe5
26.f3 Bf6g7
27.b4 f6
28.c5 Bg7f8
29.Bb2c1 a5
30.Bc1a3 Kd7
31.Rg1d1 Kc8
32.Re4e3 Re8d8
33.b5 b6
34.cxb6 Bf8xa3
35.bxc7 Rd8d6
36.Re3xa3 Kxc7
37.Ra3c3 Kb7
38.Rc3c6 Rg8d8
39.Rd1c1 Rd6xd5
40.Rc6xf6 Rd5d2
41.Kg3 Rd2d4
42.Rf6xh6 Rd4xa4
43.Rh6h7 Kb6
44.Rc1b1 Ra4b4
45.Rh7h6 Kxb5
46.Rb1xb4 axb4
47.Rh6h5 b3
48.Rh5h7 Rd8b8
49.Rh7c7 b2
50.Rc7e7 b1Q
51.Re7xe5 Ka4
52.Re5e4 Rb8b4
53.Kf2 Qb1c2
54.Kg3 Qc2c1
55.Kg4 Rb4xe4
56.fxe4 Qc1f4
57.Kh5 Qf4h4
58.Kg6 Qh4xe4
59.Kxg5 Qe4g2
60.Kh4 Kb5
61.f6 Qg2g6
62.f7 Qg6xf7
63.Kg5 Qf7g7
64.Kf4 Kc5
{ abandon }0-1

[Event "Tournoi n27340"]
[Site "www.echecsemail.com"]
[Date "2026.01.16"]
[Round "1"]
[White "Nico"]
[Black "Jajaf1959"]
[WhiteElo "2010"]
[BlackElo "1950"]
[Result "1-0"]
1.d4 d5
2.Bc1f4 Bc8f5
3.Nb1c3 e6
4.e3 Ng8f6
5.Nc3b5 Bf8d6
6.Bf4xd6 cxd6
7.Bf1d3 Bf5xd3
8.Qd1xd3 Qd8a5
9.c3 Qa5b6
10.Ng1f3 a6
11.Nb5a3 Qb6xb2
12.Na3c2 Nf6e4
13.c4 Ne4f6
14.O-O Qb2b6
15.Ra1b1 Qb6c7
16.Nf3d2 dxc4
17.Qd3xc4 Qc7d7
18.Rb1b6 O-O
19.Rf1b1 Ra8a7
20.e4 Rf8c8
21.Qc4b3 Rc8c7
22.f3 Qd7c8
23.Rb6xd6 Rc7xc2
24.Qb3xc2 Qc8f8
25.Rd6b6 Nf6d7
26.Rb6xb7 Ra7xb7
27.Rb1xb7 h6
28.Qc2b3 Qf8d8
29.Nd2c4 Qd8g5
30.Qb3b2 Qg5d8
31.Nc4b6 Qd8h4
32.g3 Qh4d8
33.Nb6xd7 Nb8xd7
34.Qb2a3 Qd8c8
35.Qa3b2 Qc8c6
36.Rb7b3 Qc6c4
37.Qb2d2 a5
38.Rb3c3 Qc4b5
39.Rc3c7 a4
40.a3 Nd7b6
41.Qd2c2 Qb5g5
42.Kg2 Qg5e3
43.Qc2b2 Qe3b3
44.Qb2xb3 axb3
45.Rc7b7 Nb6c4
46.Rb7xb3 Nc4d2
47.Rb3b4 g5
48.Kf2 g4
49.fxg4 Nd2xe4
50.Kf3 Ne4d2
51.Ke2 Nd2e4
52.a4 Ne4c3
53.Kd3 Nc3d5
54.Rb4b7 Kf8
55.a5 Ke8
56.a6 Kd8
57.a7 Nd5c7
58.Rb7xc7 { abandon }1-0

[Event "Défi( 10J+24H/c 10J Max )"]
[Site "www.echecsemail.com"]
[Date "2026.01.16"]
[Round "1"]
[White "Voyageur"]
[Black "Bigoudi"]
[WhiteElo "1500"]
[BlackElo "1060"]
[Result "1-0"]
1.d4 Nb8c6
2.d5 Nc6e5
3.e4 Ng8f6
4.Nb1c3 b6
5.g3 h5
6.Bf1g2 Bc8a6
7.Ng1f3 Ne5g6
8.a3 c6
9.dxc6 e6
10.e5 Nf6g4
11.cxd7 Ke7
12.Qd1d6 1-0

[Event "Défi"]
[Site "www.echecsemail.com"]
[Date "2026.01.16"]
[Round "1"]
[White "Cocodou"]
[Black "Khamis"]
[WhiteElo "1640"]
[BlackElo "1830"]
[Result "0-1"]
1.c4 a6
2.Nb1c3 e5
3.e4 Ng8f6
4.a3 c6
5.Ng1f3 d6
6.h3 Bf8e7
7.d3 O-O
8.Bf1e2 h6
9.O-O Bc8e6
10.Nf3h2 Kh7
11.Bc1e3 g5
12.Nh2g4 Nf6xg4
13.Be2xg4 f5
14.exf5 Be6xf5
15.Bg4xf5 Rf8xf5
16.Nc3e4 d5
17.cxd5 cxd5
18.Ne4g3 Rf5f8
19.d4 e4
20.Qd1b3 b5
21.f4 Nb8c6
22.Ng3e2 Nc6a5
23.Qb3d1 Na5c4
24.Qd1c1 Ra8c8
25.Be3d2 Nc4e3
26.Bd2c3 Ne3xf1
27.Qc1xf1 Be7d6
28.g3 Qd8d7
29.Bc3d2 Rc8e8
30.Bd2e3 Rf8f7
31.Kh2 Re8f8
32.Qf1c1 gxf4
33.gxf4 Rf7g7
34.Qc1f1 Rf8g8
35.Qf1h1 Rg7g5
36.Ra1g1 Rg5xg1
37.Ne2xg1 Qd7c7
38.Ng1e2 Qc7c2
39.Qh1e1 Qc2xb2
40.Be3c1 Qb2c2
41.Kh1 Qc2d3
42.Kh2 Qd3f3
43.Ne2g3 Bd6xf4
44.Bc1xf4 Qf3xf4
45.Kg2 Qf4f3
46.Kh2 Qf3xa3
47.h4 Qa3f3
48.Qe1g1 e3
49.Qg1e1 Qf3f4
50.Kh3 Qf4g4
51.Kg2 Qg4xd4
52.Kh3 Qd4g4
53.Kg2 d4
{ abandon }0-1

[Event "Défi"]
[Site "www.echecsemail.com"]
[Date "2026.01.16"]
[Round "1"]
[White "Jlr"]
[Black "Castor"]
[WhiteElo "1360"]
[BlackElo "1360"]
[Result "1-0"]
1.e4 c6
2.Ng1f3 Qd8c7
3.Bf1c4 f6
4.g3 d6
5.Nb1c3 b5
6.Bc4e2 Bc8h3
7.d3 e6
8.e5 dxe5
9.Nc3e4 Nb8d7
10.Nf3h4 Bf8e7
11.Be2g4 Bh3xg4
12.Qd1xg4 f5
13.Nh4xf5 Be7f8
14.Bc1g5 exf5
15.Qg4xf5 Ng8e7
16.Qf5e6 h6
17.Ne4d6 Kd8
18.Nd6f7 Ke8
19.Nf7xh8 Nd7c5
20.Qe6f7 Kd7
21.Bg5e3 Nc5a4
22.O-O Na4xb2
23.Ra1b1 Nb2a4
24.Nh8g6 Na4c3
25.Ng6xf8 Kc8
26.Rb1b2 a6
27.Qf7e8 Kb7
28.Qe8f7 Nc3d5
29.Be3c5 a5
30.Nf8e6 Qc7b8
31.Bc5xe7 Ka6
32.Ne6c5 Ka7
33.Be7d6 Nd5c7
34.Nc5d7 Qb8b7
35.Nd7c5 Qb7c8
36.Bd6xe5 Kb6
37.Nc5d7 Ka6
38.Nd7c5 Kb6
39.Nc5d7 Ka6
40.Nd7c5 Kb6
41.Nc5a4 Ka6
42.Be5xc7 b4
43.Qf7c4 Kb7
44.Na4b6 Qc8xc7
45.Nb6xa8 Kxa8
46.Rf1e1 Ka7
47.Qc4c5 Ka6
48.Re1e7 Qc7b8
49.Qc5xc6 Qb8b6
50.Qc6a8 Kb5
51.Qa8e8 Ka6
52.Qe8a8 Kb5
53.Re7e5 Ka4
54.Qa8e8 Ka3
55.Rb2b3 Kxa2
56.Qe8a4 1-0